|
|
|
|
| LEADER |
00794nam a22002172a 4500 |
| 001 |
000473310 |
| 003 |
CZ BrMZK |
| 005 |
20160318120327.0 |
| 007 |
ta |
| 008 |
000105s1991 gw ger d |
| 040 |
|
|
|a BOA001
|b cze
|
| 100 |
1 |
|
|a Hähne, Karl
|4 dis
|
| 245 |
1 |
4 |
|a Der Einflus von Gräser- und Gehölzwurzeln auf die Scherfestigkeit von Böden und damit auf die Standsicherheit von Hängen und Böschungen /
|c Karl Hähne
|
| 260 |
|
|
|a Berlin :
|b K. Hähne,
|c 1991
|
| 300 |
|
|
|a 210 s.
|
| 502 |
|
|
|a Disertace--Technische Universität Berlin, 1991
|
| 504 |
|
|
|a Obsahuje bibliografii
|
| 710 |
2 |
|
|a Technische Universität Berlin
|7 kn20060407005
|
| 910 |
|
|
|a BOA001
|b M2-0969.310
|
| 990 |
|
|
|a BK
|
| 996 |
7 |
|
|b 2619746341
|c M2-0969.310
|l MZK
|r Sklad / do 24 hodin
|n 2
|w 000473310
|u 000010
|a 1
|e BOA001
|j MZK50
|s A
|